000 00703nam a2200229Ia 4500
003 OSt
005 20220923212045.0
006 a|||||r|||| 00| 0
007 ta
008 220922b |||||||| |||| 00| 0 hin d
024 _a150,375
037 _cTextual
040 _aARTS
_cARTS
_bhin
041 _2hin
_ahin
082 _aB1x1:1, 152F5;G5
100 _aभास्कराचार्य
245 0 _aलीलावती बालकृष्ण शर्मा मा का
246 _aLīlāvatī bālakṛuṣhṇa sharmā mā0kā0
260 _c1925
942 _hB1x1:1, 152F5;G5
_cTEXL
_2CC
999 _c306055
_d306055